| 000 | 00650nam a2200205 a 4500 | ||
|---|---|---|---|
| 999 |
_c2292 _d2292 |
||
| 001 | 2292 | ||
| 003 | BD-JhCC | ||
| 005 | 20171101211536.0 | ||
| 008 | 171031s1961 bg |||| |||| 000 0 ben d | ||
| 035 | _a(BD-JhCC)2292 | ||
| 040 |
_aBD-JhCC _dBD-JhCC |
||
| 041 | _aben | ||
| 082 |
_a891.443 _bAKA 1961 |
||
| 245 |
_aআকাশ বাসর / _cসাহানা হোসেন (অনুবাদ) |
||
| 260 |
_aঢাকা : _bপপুলার পাবলিকেশন ; _c১৯৬১ |
||
| 300 |
_a২৬৭ পৃ. ; _c১৮ সে.মি. |
||
| 650 | _aBengali Novel | ||
| 700 | _aহোসেন, সাহানা | ||
| 942 |
_2ddc _cBK |
||